000 00783nam a22002537a 4500
999 _c428203
_d428203
001 48102
003 UA-OsUOA
005 20200729192431.0
007 ta
008 20121202b un ||||| |||| 00| 0 ukr d
040 _aUA-OsUOA
_bukr
_cUA-OsUOA
_dUA-OsUOA
041 _aukr
080 _a94(477).06
090 _a94(477).06
_bГ51
100 _aГірняк Н.
245 _aОстанній акт трагедії української галицької армії
260 _bУВ-ІІ у США
_c1969
300 _a285 с.
650 7 _a9 Географія. Біографії. Історія
_2UDC
942 _cBK
_2udc
955 _a1